| 000 | 00391nam a2200145Ia 4500 | ||
|---|---|---|---|
| 008 | 230917s9999||||xx |||||||||||||| ||und|| | ||
| 040 |
_e130593 _aMAIN |
||
| 041 | _aEnglish | ||
| 082 | _a001.64 T155O | ||
| 100 | _aTanenbaum, Andrew S. | ||
| 245 | 0 | _aOperating system: design and implementation | |
| 260 |
_aNew Delhi _bPrentice Hall of India _c1994 |
||
| 300 | _axvi, 719p p. | ||
| 942 | _cBK | ||
| 999 |
_c78503 _d78503 |
||